00592nam a2200193Ia 4500008004100000020001400041084001500055100002500070245002300095250002000118260001900138260000900157260002200166300000900188500003500197942000700232999001700239952014200256180424s9999 xx 000 0 und d a136510922 a301.435 C1 a"Cockerham, William" 0aThis Aging Society a\\199100ENGGPCX aPrentice Hall  b1991 cEnglewood Cliffs  a260p aincludes index and biblioraphy cBK c54540d54540 00104070aPSGbPSGcAW ROW 2 RACK 96 SHELF 6d2018-04-25l9m1o301.435 C1p64109r2025-11-04 14:13:18s2025-06-17t100w2018-04-25yBK